Epu mari ulkatufe ta fachantu
Uloženo v:
| Hlavní autoři: | , |
|---|---|
| Médium: | Kniha |
| Jazyk: | araukánština španělština |
| Vydáno: |
Santiago
Lom
2003
|
| Vydání: | 1a. ed |
| Edice: | Entre mares. Poesía
|
| Témata: | |
| Tagy: |
Přidat tag
Žádné tagy, Buďte první, kdo vytvoří štítek k tomuto záznamu!
|
MARC
| LEADER | 00000cam a2200000 a 4500 | ||
|---|---|---|---|
| 001 | UCF7563 | ||
| 003 | CL-VaPUC | ||
| 008 | 130627e20030000CL |||||||||||||||||arn|d | ||
| 020 | |a 9562825914 | ||
| 041 | 0 | 7 | |a arn |2 CL-VaPUC |
| 041 | 0 | 7 | |a spa |2 CL-VaPUC |
| 082 | 0 | 4 | |a Ch861.98 |b HUE |2 21 |
| 100 | |a Huenún Villa, Jaime Luis |e author |9 583954 | ||
| 700 | 0 | |a Cifuentes Palacios, Víctor |e author |9 569611 | |
| 245 | 1 | 0 | |a Epu mari ulkatufe ta fachantu |
| 246 | 1 | 0 | |a 20 poetas mapuche contemporáneos |
| 250 | |a 1a. ed | ||
| 300 | |a 300 p | ||
| 942 | |c BK | ||
| 945 | |d 20130627 00:00:00 |a dcastane | ||
| 260 | |a Santiago |b Lom |c 2003 | ||
| 650 | 0 | |a Poesías chilenas |9 265280 | |
| 650 | 0 | |a Literatura chilena |9 308278 | |
| 650 | 7 | |a POESIAS MAPUCHE |2 CL-VaPUC |9 484199 | |
| 583 | |a last modification |c 20130627 13:18:00 |k Rodrigo Vera | ||
| 490 | 0 | |a Entre mares. Poesía | |
| 999 | |c 352381 |d 352379 | ||